| Tag |
First Indicator |
Second Indicator |
Subfields |
| LEADER |
00000cmm a2200000 a 4500 |
| 001 |
in00001069042 |
| 005 |
20150929103226.0 |
| 008 |
911004s1991 dcun a f N/A d |
| 010 |
|
|
|a (DG92063923
|
| 035 |
|
|
|a (OCoLC)24498635
|
| 035 |
|
|
|9 AFP5871AM
|
| 040 |
|
|
|d GPO
|d DLC
|d UtOrBLW
|
| 043 |
|
|
|a n-us-tn
|
| 074 |
|
|
|a 154-E
|
| 086 |
0 |
|
|a C 3.279:T 25/990/CD
|
| 245 |
0 |
0 |
|a Tiger/line census lines, 1990.
|p Tennessee.
|
| 264 |
|
1 |
|a Washington, DC :
|b U.S. Dept. of Commerce, Bureau of the Census, Data User Services Division,
|c [1991]
|
| 300 |
|
|
|a 1 computer laser optical disk ;
|c 4 3/4 in.
|
| 336 |
|
|
|a computer program
|b cop
|2 rdacontent
|
| 337 |
|
|
|a computer
|b c
|2 rdamedia
|
| 338 |
|
|
|a computer disc
|b cd
|2 rdacarrier
|
| 520 |
|
|
|a Includes decennial census-relevant geographic information; data for all 1990 census map features and boundaries, the associated 1990 census final tabulation geographic area codes, and the codes for the Jan. 1, 1990 legal and statistical areas on both sides of each line segment of every mapped feature; final voting district codes and the 1990 census designated place codes; technical documentation.
|
| 538 |
|
|
|a System requirements: Computer system capable of using CD-ROM drive; 640K; application software, if IBM compatible personal computer, requires also CD-ROM software, such as Microsoft CD-ROM Extensions (version 2.0 or higher); CD-ROM drive.
|
| 538 |
|
|
|a Disk characteristics: CD-ROM.
|
| 538 |
|
|
|a Written in ISO 9660 format.
|
| 500 |
|
|
|a Title from disk label.
|
| 500 |
|
|
|a Shipping list number: 91-049-E.
|
| 500 |
|
|
|a "Issued July 1991."
|
| 522 |
|
|
|a Tennessee.
|
| 500 |
|
|
|a Computer file.
|
| 650 |
|
0 |
|a Digital mapping
|x Databases.
|
| 651 |
|
0 |
|a Tennessee
|x Maps
|x Databases.
|
| 710 |
1 |
|
|a United States.
|b Bureau of the Census.
|b Data User Services Division.
|
| 999 |
|
|
|a MARS
|
| 999 |
f |
f |
|s 3d22032b-3054-3c8a-b3c9-baeafc9d857a
|i 2c57a1a4-3201-3bd1-a8e9-8f21f8855301
|t 0
|
| 952 |
f |
f |
|p normal
|a Texas A&M University
|b College Station
|c Sterling C. Evans Library
|d Evans: Maps (2nd floor)
|t 0
|e C 3.279:T 25/990/CD
|h Superintendent of Documents classification
|i computer -- computer disc
|m A14820637303
|
| 998 |
f |
f |
|a C 3.279:T 25/990/CD
|t 0
|l Evans: Maps (2nd floor)
|